[Event "Titled Tue 12th Nov Early"]
[Site "chess.com INT"]
[Date "2024.11.12"]
[Round "3"]
[White "Korchmar,V"]
[Black "Nakamura,Hi"]
[Result "0-1"]
[WhiteElo "2429"]
[BlackElo "2802"]

1.e4 c5 2.d4 cxd4 3.Qxd4 Nf6 4.Nc3 g6 5.Nf3 Nc6 6.Qd3 Bg7 7.Be2 d6 8.O-O O-O
9.Nd5 Bg4 10.c3 Rc8 11.Bg5 Nd7 12.Qe3 Nb6 13.Rad1 Re8 14.Rfe1 Nd7 15.h3 Be6
16.Bf1 a6 17.Nf4 Bxa2 18.Rxd6 h6 19.Bh4 g5 20.Rxh6 Bxh6 21.Nxg5 Nce5 22.Qg3 Kh8
23.Ra1 Bb3 24.Ra3 Qb6 25.c4 Bxc4 26.Bxc4 Rxc4 27.Nxf7+ Nxf7 28.Ng6+ Kh7 29.Nxe7 Rc1+
30.Kh2 Qd6  0-1

[Event "Titled Tue 12th Nov Late"]
[Site "chess.com INT"]
[Date "2024.11.12"]
[Round "4"]
[White "Kravtsiv,M"]
[Black "Nakamura,Hi"]
[Result "0-1"]
[WhiteElo "2598"]
[BlackElo "2802"]

1.e4 c5 2.Nc3 d6 3.f4 g6 4.Nf3 Bg7 5.Bb5+ Bd7 6.Bc4 Nc6 7.d3 e6 8.f5 gxf5
9.exf5 d5 10.fxe6 fxe6 11.Bb5 Nge7 12.Bg5 O-O 13.Bxc6 Bxc6 14.Qe2 Qd6 15.O-O Rf5
16.Rad1 Raf8 17.Ne4 dxe4 18.dxe4 Rxf3 19.Rxf3 Qc7 20.Rxf8+ Bxf8 21.Qg4 Ng6
22.Qxe6+ Qf7 23.Qxf7+ Kxf7 24.c3 Ke6 25.Re1 Ne5 26.h3 Nd3 27.Re2 Ke5 28.Bh4 Bh6
29.Bg3+ Bf4 30.Bxf4+ Nxf4 31.Rd2 c4 32.Rd8 b5 33.Rh8 Bxe4 34.Re8+ Kd5 35.Rd8+ Kc5
36.Kf2 Nd3+ 37.Ke3 Bxg2 38.b4+ cxb3 39.axb3 Nc1 40.Rc8+ Kb6 41.b4 Bxh3 42.Rf8 h5
43.Rf6+ Kb7 44.Rf7+ Kb8 45.Rf8+ Kc7 46.Rf7+ Kc6 47.Rxa7 Bg4 48.Rh7 Ne2 49.Rh8 Nxc3
50.Kd4 Ne2+ 51.Ke5 Ng1 52.Rh6+ Kd7 53.Kd5 Be2 54.Rh7+ Ke8 55.Ke6 Bg4+ 56.Kd6 Ne2
57.Re7+ Kf8 58.Rb7 h4 59.Rxb5 h3 60.Rb8+ Kg7 61.Rb7+ Kh6 62.Rb8 Bf5 63.Rh8+ Bh7
64.Rf8 h2 65.Rf6+ Bg6 66.Rf1 Ng1 67.b5 h1=Q 68.b6 Qb7 69.Kc5 Qc8+ 70.Kb4 Qc6
71.Rf4 Qd6+ 72.Kb5 Qxf4 73.b7 Qb8 74.Kb6 Be4 75.Kc5 Qxb7 76.Kd4 Qd5+ 77.Ke3 Bg6
78.Kf4 Qe6 79.Kg3 Qe4 80.Kf2 Qd3 81.Kg2 Qf3+ 82.Kxg1 Qe2  0-1

[Event "Titled Tue 12th Nov Early"]
[Site "chess.com INT"]
[Date "2024.11.12"]
[Round "4"]
[White "Nakamura,Hi"]
[Black "Pakleza,Z"]
[Result "1-0"]
[WhiteElo "2802"]
[BlackElo "2483"]

1.b3 d5 2.Bb2 Nf6 3.d3 Bf5 4.Nd2 e6 5.g3 h6 6.Bg2 Be7 7.e4 Bh7 8.Nh3 O-O
9.O-O c6 10.Qe2 a5 11.a3 Na6 12.Nf4 Re8 13.Rfd1 Qb6 14.Rac1 Nc5 15.e5 Nfd7
16.d4 Na6 17.c4 dxc4 18.Nxc4 Qd8 19.Bc3 a4 20.bxa4 Nc7 21.a5 Nd5 22.Bd2 b5
23.Nxd5 cxd5 24.Nd6 Bxd6 25.exd6 Nf6 26.Bb4 Qb8 27.Rc7 Rd8 28.Rdc1 Ne8 29.R7c6 Nxd6
30.Rb6 Nc4 31.Rxb8 Rdxb8 32.h4 Nxa5 33.Bxa5 Rxa5 34.Rc3 Kh8 35.Rb3 Rba8 36.Qb2 Bg6
37.Bf1  1-0

[Event "Titled Tue 12th Nov Late"]
[Site "chess.com INT"]
[Date "2024.11.12"]
[Round "5"]
[White "Nakamura,Hi"]
[Black "Ibarra Jerez,JC"]
[Result "1-0"]
[WhiteElo "2802"]
[BlackElo "2556"]

1.b3 c5 2.Bb2 d6 3.d4 cxd4 4.Qxd4 Nc6 5.Qd2 Nf6 6.c4 d5 7.e3 e5 8.a3 Be6
9.cxd5 Qxd5 10.b4 a6 11.Nf3 Nd7 12.Qc1 Qe4 13.Ng5 Qg6 14.Nxe6 Qxe6 15.Bc4 Qg6
16.O-O Nb6 17.Bb3 Rc8 18.Nc3 Be7 19.Qd2 O-O 20.Rfd1 Rfd8 21.Qe2 e4 22.Rxd8+ Rxd8
23.Rd1 Ne5 24.Nd5 Nf3+ 25.Qxf3 Nxd5 26.Qe2 Nb6 27.Bd4 Nc8 28.Qc4 Bf8 29.Qc7 Qd6
30.Qxf7+  1-0

[Event "Titled Tue 12th Nov Early"]
[Site "chess.com INT"]
[Date "2024.11.12"]
[Round "5"]
[White "Shimanov,A"]
[Black "Nakamura,Hi"]
[Result "0-1"]
[WhiteElo "2593"]
[BlackElo "2802"]

1.e4 c6 2.d4 d5 3.e5 Bf5 4.h4 h5 5.c4 e6 6.Nc3 dxc4 7.Bxc4 Ne7 8.Nge2 Bg4
9.Bg5 Qb6 10.O-O Nd7 11.Qc2 Nf5 12.Qe4 Bxe2 13.Nxe2 Be7 14.Bxe7 Nxe7 15.Ng3 g6
16.Qf4 Nf5 17.Nxf5 gxf5 18.Rab1 Nf8 19.g3 Ng6 20.Qe3 O-O-O 21.Rfd1 f4 22.Qe4 fxg3
23.fxg3 Ne7 24.b4 Rhg8 25.Kh2 Nf5 26.b5 Rg4 27.Qe1 Nxd4 28.Qf2 Nf5 29.Qxb6 axb6
30.Rxd8+ Kxd8 31.Be2 Rxg3 32.bxc6 bxc6 33.Rxb6 Ra3 34.Bxh5 Rxa2+ 35.Kh3 Ra3+
36.Kg4 Rg3+ 37.Kf4 Rg7 38.Rxc6 Nxh4 39.Ra6 Ng2+ 40.Ke4 Rh7 41.Bxf7 Rxf7 42.Rxe6 Rf4+
43.Kd3 Ra4 44.Rd6+ Ke7 45.Rf6 Nf4+ 46.Kd2 Ra2+ 47.Kd1 Nd5 48.Rf3 Ke6 49.Rf8 Nb4
50.Rd8 Kf5 51.e6 Kxe6 52.Ke1 Ke5 53.Re8+ Kf4 54.Rf8+ Ke3 55.Re8+ Kd4 56.Rd8+ Nd5
57.Kf1 Ke4 58.Re8+ Kf3 59.Ke1 Nf4 60.Kd1 Rh2 61.Kc1 Nd5 62.Rf8+ Ke3 63.Rd8 Kd4
64.Kd1 Rh5 65.Ke2 Rf5 66.Ke1 Kd3 67.Rd7 Ke3 68.Rd8 Nc3 69.Re8+ Ne4 70.Re7 Rc5
71.Kf1 Rg5 72.Re8 Rg6 73.Re7 Rg8 74.Rf7 Nd2+ 75.Ke1 Rg1+  0-1

[Event "Titled Tue 12th Nov Early"]
[Site "chess.com INT"]
[Date "2024.11.12"]
[Round "6"]
[White "Nakamura,Hi"]
[Black "Naroditsky,D"]
[Result "1-0"]
[WhiteElo "2802"]
[BlackElo "2619"]

1.b3 e5 2.Bb2 Nc6 3.e3 Nf6 4.Bb5 e4 5.f3 d5 6.Nc3 Bd7 7.Qe2 Bd6 8.O-O-O Qe7
9.g4 h6 10.h3 a6 11.Bxc6 Bxc6 12.Qf2 O-O-O 13.Nge2 Ba3 14.fxe4 Bxb2+ 15.Kxb2 dxe4
16.Ng3 g6 17.Rhf1 Rd6 18.d4 exd3 19.cxd3 Re8 20.e4 Kb8 21.Rfe1 Nd7 22.d4 Qh4
23.e5 Rde6 24.d5 Bxd5 25.Rxd5 Nxe5 26.Red1 Nc6 27.Nge4 Qxh3 28.Nf6 Rc8 29.R5d3 Rxf6
30.Qxf6 Qxg4 31.R3d2 h5 32.Qxf7 h4 33.Qd7 Qh5 34.Re1 Qh8 35.Rde2 Ka7 36.Re8 Rxe8
37.Qxe8 Qh5 38.Qe3+ Kb8 39.Rf1 Qh8 40.Qf4 Ka7 41.Qxc7 h3 42.Qg3 Qd4 43.Qf2 g5
44.Qxd4+ Nxd4 45.Ne4 g4 46.Nf2 g3 47.Nxh3 Ne2 48.Re1 Nd4 49.Re3 Nf5 50.Rf3  1-0

[Event "Titled Tue 12th Nov Late"]
[Site "chess.com INT"]
[Date "2024.11.12"]
[Round "6"]
[White "Sarana,A"]
[Black "Nakamura,Hi"]
[Result "1-0"]
[WhiteElo "2679"]
[BlackElo "2802"]

1.d4 g6 2.e4 c5 3.d5 Bg7 4.Nc3 a6 5.a4 d6 6.h3 e5 7.dxe6 Bxe6 8.Nf3 Nc6 9.Be2 Nd4
10.O-O Ne7 11.Be3 Nec6 12.Nd2 Nxe2+ 13.Qxe2 O-O 14.Nc4 Nd4 15.Bxd4 Bxd4 16.Nd5 Bxd5
17.exd5 Qg5 18.c3 Bg7 19.Qg4 Qd8 20.a5 Qc7 21.Rfe1 Rae8 22.g3 f5 23.Qf3 Be5
24.Kg2 f4 25.g4 Qd7 26.Re4 Re7 27.Rae1 Rfe8 28.Qd3 Kg7 29.Qf3 g5 30.Nxe5 dxe5
31.c4 Qd6 32.Ra1 Rb8 33.Qc3 b5 34.axb6 Rxb6 35.Rae1 Kf6 36.h4 h6 37.hxg5+ hxg5
38.Qh3 Kf7 39.Qh7+ Kf8 40.Qh8+ Kf7 41.Rxe5 f3+ 42.Kg1 Rxe5 43.Rxe5 Rb7 44.Rf5+ Kg6
45.Qh5+ Kg7 46.Rxg5+ Kf8 47.Qh8+ Ke7  1-0

[Event "Titled Tue 12th Nov Late"]
[Site "chess.com INT"]
[Date "2024.11.12"]
[Round "7"]
[White "Nakamura,Hi"]
[Black "Kamsky,G"]
[Result "1-0"]
[WhiteElo "2802"]
[BlackElo "2609"]

1.b3 d5 2.Bb2 Bf5 3.d3 e6 4.Nd2 Nf6 5.g3 Bc5 6.e3 a5 7.a3 h6 8.Bg2 Bh7 9.Nh3 Nbd7
10.e4 dxe4 11.dxe4 e5 12.O-O O-O 13.Qe2 Re8 14.Kh1 Qe7 15.f3 c6 16.Nf2 Bd4
17.c3 Ba7 18.b4 Nb6 19.Rab1 axb4 20.axb4 Red8 21.Rfd1 Bb8 22.Nd3 Kh8 23.c4 Nbd7
24.c5 b6 25.Rbc1 b5 26.Nf1 Bc7 27.Ne3 Nf8 28.Nf5 Bxf5 29.exf5 Nd5 30.Re1 Nd7
31.f4 e4 32.Bxe4 N7f6 33.Bf3 Qxe2 34.Rxe2 Ra4 35.Be5 Rc8 36.Bxf6 Nxf6 37.Bxc6 Ra3
38.Bxb5 Nd5 39.Bc4 Rd8 40.b5  1-0

[Event "Titled Tue 12th Nov Early"]
[Site "chess.com INT"]
[Date "2024.11.12"]
[Round "7"]
[White "Duda,J"]
[Black "Nakamura,Hi"]
[Result "1-0"]
[WhiteElo "2740"]
[BlackElo "2802"]

1.e4 c5 2.Nf3 d6 3.d4 cxd4 4.Nxd4 Nf6 5.Nc3 g6 6.Be3 Bg7 7.f3 a6 8.Bc4 b5
9.Bb3 Bb7 10.Qd2 h5 11.O-O-O Nbd7 12.Kb1 Rc8 13.a3 Ne5 14.Rhe1 Nc4 15.Bxc4 Rxc4
16.e5 dxe5 17.Ne6 Qxd2 18.Nxg7+ Kf8 19.Bxd2 Kxg7 20.Rxe5 e6 21.Be3 Rhc8 22.Bd4 Kg8
23.Re2 Ne8 24.Rd3 Kf8 25.Ne4 Ke7 26.Bc3 Bxe4 27.fxe4 Nf6 28.Bxf6+ Kxf6 29.Rd7 Rf8
30.b3 Rc5 31.Ra7 Rc6 32.e5+ Kf5 33.Kb2 h4 34.b4 g5 35.Rd7 Kg6 36.Rf2 Rc4
37.Ra7 Re4 38.Rxa6 Rxe5 39.a4 bxa4 40.Rxa4 g4 41.c4 g3 42.hxg3 hxg3 43.Rc2 f5
44.c5 Rc8 45.Ra3 f4 46.Rac3 Re4 47.b5 e5 48.b6 Kf6 49.b7 Rb8 50.Rb3 Ra4 51.c6 Ra7
52.c7 Raxb7 53.cxb8=Q  1-0

[Event "Titled Tue 12th Nov Late"]
[Site "chess.com INT"]
[Date "2024.11.12"]
[Round "8"]
[White "Xiong,Jeffery"]
[Black "Nakamura,Hi"]
[Result "0-1"]
[WhiteElo "2636"]
[BlackElo "2802"]

1.d4 g6 2.e4 c5 3.d5 Bg7 4.Nf3 d6 5.Nc3 a6 6.a4 Bg4 7.Be2 Bxf3 8.Bxf3 Nf6
9.O-O O-O 10.Bf4 Nbd7 11.Qd2 Qa5 12.Ra3 Rab8 13.Be2 Rfe8 14.f3 c4 15.Be3 Rec8
16.Nd1 Qxd2 17.Bxd2 b5 18.axb5 axb5 19.Ra7 Nc5 20.Be3 Nfd7 21.f4 Ra8 22.Rxa8 Rxa8
23.Bg4 Nf6 24.Bxc5 Nxg4 25.h3 Nf6 26.Bd4 Nxe4 27.Bxg7 Kxg7 28.Nf2 Nf6  0-1

[Event "Titled Tue 12th Nov Early"]
[Site "chess.com INT"]
[Date "2024.11.12"]
[Round "8"]
[White "Nakamura,Hi"]
[Black "Bharath,Subramaniyam H"]
[Result "1-0"]
[WhiteElo "2802"]
[BlackElo "2561"]

1.b3 d5 2.Bb2 Bf5 3.d3 Nf6 4.Nd2 c5 5.e4 dxe4 6.dxe4 Nxe4 7.Bd3 Nd6 8.Bxf5 Nxf5
9.Qf3 Qc8 10.Ne2 Nc6 11.O-O-O e6 12.Ng3 Nfd4 13.Qe3 Be7 14.c3 Nb5 15.Nde4 O-O
16.Nxc5 b6 17.Nd3 Rd8 18.Kb1 Qc7 19.Nh5 g6 20.Ng3 Bf6 21.Ne2 Nd6 22.g4 Bg7
23.h4 Ne7 24.h5 Nd5 25.Qh3 g5 26.h6 Bxc3 27.Rc1 Ne4 28.Rhd1 Rac8 29.f3 Ne3
30.fxe4 Nxd1 31.Nxc3 Nxb2 32.Kxb2 Qe7 33.e5 Rd4 34.Qe3 Rcd8 35.Nf2 Rf4 36.Nce4 Kh8
37.Nd6 f6 38.Nd3 Rxg4 39.Qf3 Rd4 40.Rc3 f5 41.Qh5 Rf8 42.Qe2 g4 43.Qe3 Rd5
44.Nf4 Rc5 45.Rd3 b5 46.Qxc5 Qg5 47.Nf7+  1-0

[Event "Titled Tue 12th Nov Early"]
[Site "chess.com INT"]
[Date "2024.11.12"]
[Round "9"]
[White "Giri,A"]
[Black "Nakamura,Hi"]
[Result "0-1"]
[WhiteElo "2733"]
[BlackElo "2802"]

1.Nf3 b6 2.d4 Bb7 3.c4 e6 4.g3 Bxf3 5.exf3 c6 6.d5 Bb4+ 7.Bd2 Qe7 8.dxc6 Nxc6
9.Bg2 Nf6 10.O-O O-O 11.f4 Rad8 12.a3 Bxd2 13.Nxd2 d5 14.Rc1 Nd4 15.cxd5 Nxd5
16.Nb3 Nf5 17.Qe2 Nf6 18.Rfd1 h5 19.Bf3 g6 20.h4 a5 21.Qb5 Rxd1+ 22.Rxd1 Qa7
23.Nc1 Qc7 24.Ne2 Rd8 25.Rc1 Qb8 26.Kg2 Rd6 27.Rc6 Qd8 28.Rxd6 Qxd6 29.Qc6 Nd7
30.Qc8+ Kh7 31.Qc3 Nc5 32.b4 axb4 33.Qxb4 Qc7 34.Qc3 Qd6 35.Qb4 Qd8 36.a4 Qd1
37.Nc3 Qd2 38.Nd5 Qxb4 39.Nxb4 Nxa4 40.Kf1 Nd4 41.Be4 Kg7 42.Ke1 Nc5 43.Bb1 Kf6
44.Kd2 Nf5 45.Ke2 Nd6 46.Ke3 Nf5+ 47.Ke2 Ne7 48.Bc2 Nd5 49.Nc6 b5 50.Kd2 b4
51.Nd4 Ke7 52.Nc6+ Kf6 53.Nd4 Nb6 54.Bd1 Nc4+ 55.Kc2 Ne4 56.Kd3 Nxf2+ 57.Kxc4 Nxd1
58.Kxb4 Ne3 59.Kc3 Nf1 60.Ne2 Kf5 61.Kd4 f6 62.Kd3 Kg4 63.Nd4 Nxg3 64.Nxe6 Kf5
65.Nf8 Nf1 66.Ke2 Nh2 67.Kf2 Ng4+ 68.Kf3 Nh6  0-1

[Event "Titled Tue 12th Nov Late"]
[Site "chess.com INT"]
[Date "2024.11.12"]
[Round "9"]
[White "Nakamura,Hi"]
[Black "Esipenko,Andrey"]
[Result "1-0"]
[WhiteElo "2802"]
[BlackElo "2682"]

1.b3 d5 2.Bb2 Bf5 3.d3 e6 4.Nd2 Nf6 5.g3 h6 6.Bg2 Be7 7.e4 Bh7 8.Nh3 c6 9.O-O O-O
10.Qe2 a5 11.a3 Nbd7 12.Rfd1 a4 13.b4 c5 14.b5 Nb6 15.c4 Qd7 16.Nf4 Rfd8
17.cxd5 exd5 18.e5 Ne8 19.e6 fxe6 20.Nxe6 Rdc8 21.Bh3 Bd6 22.Kg2 Qxb5 23.Nf3 d4
24.Rab1 Qc6 25.Bxd4 Nd5 26.Ba1 Nef6 27.Kg1 Re8 28.Qa2 Kh8 29.Re1 Bg8 30.Nh4 Bf7
31.Qb2 b6 32.Qd2 Bxg3 33.hxg3 Bxe6 34.Bg2 Qd7 35.Bxf6 Nxf6 36.Bxa8 Rxa8 37.Rxb6 Re8
38.Ng6+ Kg8 39.Nf4 Bf7 40.Rxe8+ Qxe8 41.Qe3 Qc8 42.Qe7 c4 43.Rb7 Qf8 44.Qxf8+ Kxf8
45.dxc4 Bxc4 46.Ng6+ Kg8 47.Rb8+ Kh7 48.Nf8+ Kg8 49.Nd7+ Kh7 50.Nxf6+ gxf6
51.Kg2 Kg6 52.Kf3 Bb3 53.Rb5 Kg7 54.Kf4 Kg6 55.g4 Kg7 56.Ra5 Kg6 57.Rc5 Kg7
58.Kf5  1-0

[Event "Titled Tue 12th Nov Early"]
[Site "chess.com INT"]
[Date "2024.11.12"]
[Round "10"]
[White "Firouzja,Alireza"]
[Black "Nakamura,Hi"]
[Result "0-1"]
[WhiteElo "2763"]
[BlackElo "2802"]

1.e4 c5 2.Nf3 d6 3.d4 cxd4 4.Nxd4 Nf6 5.Nc3 g6 6.f3 a6 7.Be3 h5 8.Qd2 Nbd7
9.Be2 Bg7 10.O-O b6 11.Nc6 Qc7 12.Nb4 e6 13.Rad1 Bb7 14.a4 Bf8 15.Bf4 Qc5+
16.Qd4 e5 17.Qxc5 bxc5 18.Nxa6 Bxa6 19.Bxa6 Rxa6 20.Be3 Bh6 21.Bf2 Ke7 22.b3 Rc8
23.g3 Nf8 24.Nb5 Ne6 25.c3 Ne8 26.Ra1 Rca8 27.Na3 N8c7 28.Nc4 f6 29.Rfd1 Rb8
30.Rab1 f5 31.Kg2 fxe4 32.fxe4 Ne8 33.a5 N8c7 34.Rd3 Nd8 35.b4 cxb4 36.cxb4 Nb5
37.Nb6 Nc6 38.Nd5+ Ke6 39.Rf1 Bg7 40.Rf3 Rf8 41.Rxf8 Bxf8 42.Be3 Be7 43.Rc1 Bd8
44.h4 Kd7 45.Rf1 Ke8 46.Rc1 Ne7 47.Nf6+ Kf7 48.Rf1 Ke6 49.Nh7 Kd7 50.Nf8+ Ke8
51.Ne6 Nc6 52.Ng7+ Kd7 53.Rf7+ Kc8 54.Ne6 Nc7 55.Nxd8 Nxd8 56.Rf8 Kd7 57.Rg8 Nc6
58.Bd2 d5 59.Rxg6 dxe4 60.Rg7+ Kd6 61.Kh3 Nb5 62.g4 hxg4+ 63.Kxg4 e3 64.Be1 Ra8
65.h5 Ncd4 66.h6 Ne6 67.Rg6 Nc7 68.Kf5 Rf8+ 69.Ke4 Rh8 70.Kxe3 Kd5 71.Kd3 Nf4+  0-1

[Event "Titled Tue 12th Nov Late"]
[Site "chess.com INT"]
[Date "2024.11.12"]
[Round "10"]
[White "Sindarov,Javokhir"]
[Black "Nakamura,Hi"]
[Result "0-1"]
[WhiteElo "2682"]
[BlackElo "2802"]

1.e4 c5 2.Nf3 d6 3.d4 cxd4 4.Nxd4 Nf6 5.Bd3 g6 6.c4 b6 7.Nc3 Bb7 8.O-O Bg7
9.Re1 O-O 10.Bg5 h6 11.Be3 Nbd7 12.Rc1 Rc8 13.b3 a6 14.h3 e6 15.Qd2 Kh7 16.Bb1 Qe7
17.Nde2 Rfd8 18.Ng3 Bc6 19.Rcd1 Ne8 20.Bd4 b5 21.Bxg7 Kxg7 22.Nd5 Qg5 23.Qxg5 hxg5
24.Ne7 Rc7 25.Nxc6 Rxc6 26.cxb5 axb5 27.Ne2 Rb6 28.Rc1 b4 29.Red1 Ne5 30.f3 Nf6
31.Kf2 Nfd7 32.Rd2 Ra8 33.Rc7 Nc5 34.Nd4 Kf8 35.g3 Na6 36.Rc1 Nc5 37.f4 gxf4
38.gxf4 Ned7 39.Nf3 Ke7 40.Kg3 Nf6 41.Re2 Nh5+ 42.Kg4 Nf6+ 43.Kg3 Rc6 44.Rd1 Nh5+
45.Kg4 Nf6+ 46.Kg3 Rc7 47.e5 dxe5 48.fxe5 Nd5 49.Rf1 Nc3 50.Re3 Nxb1 51.Rxb1 Rxa2
52.Rf1 Rb2 53.Ng5 Ke8 54.Rf4 Rb7 55.Rff3 Rd7 56.h4 Rd1 57.Kf4 Rdb1 58.Ne4 Nxe4
59.Kxe4 Rh2 60.Rf4 Ke7 61.Kd4 Rd1+ 62.Kc4 Rd7 63.Kxb4 Rb7+ 64.Kc3 Rc7+ 65.Kb4 Rhc2
66.Ref3 Rb7+ 67.Ka3 Kf8 68.Ra4 Rc5 69.Re3 Kg7 70.b4 Rc4 71.b5 Rc5 72.h5 Rcxb5
73.hxg6 fxg6 74.Ra6 Rb1 75.Ka2 R1b2+ 76.Ka3 Rb1 77.Ka2 R1b5 78.Re4 g5 79.Ka3 Kg6
80.Re3 Kf5 81.Ra8 Rb1 82.Rf8+ Kg4 83.Re4+ Kh5 84.Ka2 R1b6 85.Ra8 Kg6 86.Re2 Rb5
87.Ka3 Rg7 88.Ka4 Rb1 89.Ra6 Ra1+  0-1

[Event "Titled Tue 12th Nov Early"]
[Site "chess.com INT"]
[Date "2024.11.12"]
[Round "11"]
[White "Nakamura,Hi"]
[Black "Lazavik,Denis"]
[Result "1-0"]
[WhiteElo "2802"]
[BlackElo "2578"]

1.b3 d5 2.Bb2 Nf6 3.d3 Bf5 4.Nd2 c5 5.g3 Nc6 6.Bg2 e5 7.e4 dxe4 8.dxe4 Be6
9.Ngf3 Qc7 10.c3 Be7 11.Qe2 O-O 12.O-O h6 13.Nh4 Rfe8 14.Nc4 Rad8 15.Ne3 a6
16.Rfd1 Qc8 17.Nd5 Bg4 18.Bf3 Be6 19.Ng2 Bxd5 20.exd5 Nb8 21.Ne3 Bf8 22.c4 g6
23.Bg2 Bg7 24.a3 Qc7 25.b4 Qd6 26.bxc5 Qxc5 27.Bc3 Nbd7 28.Qb2 b6 29.a4 a5
30.Rab1 Qd6 31.Qc2 Nc5 32.Rb5 Nfd7 33.Bb2 e4 34.Ba3 f5 35.Rdb1 h5 36.Bxc5 bxc5
37.Rxa5 Bd4 38.Ra7 Rb8 39.Rb5 Ra8 40.Rxa8 Rxa8 41.a5 h4 42.Qd2 hxg3 43.hxg3 Kg7
44.Rb7 Rb8 45.Rb5 Ra8 46.Nc2 Bf6 47.Qe3 Qc7 48.Qa3 Bd8 49.a6 Qd6 50.Rb7 Kf8
51.a7 Ke8 52.Qa4 Bb6 53.Na3 e3 54.Qc6 Qe7 55.Rb8+ Kf7 56.Qe6+ Qxe6 57.dxe6+  1-0

[Event "Titled Tue 12th Nov Late"]
[Site "chess.com INT"]
[Date "2024.11.12"]
[Round "11"]
[White "Nakamura,Hi"]
[Black "Makarian,Rudik"]
[Result "1-0"]
[WhiteElo "2802"]
[BlackElo "2547"]

1.b3 d5 2.Bb2 Bg4 3.d3 Nf6 4.Nd2 e6 5.h3 Bh5 6.Ngf3 Nbd7 7.g4 Bg6 8.Nh4 Be7
9.e3 O-O 10.g5 Ne8 11.Nxg6 fxg6 12.h4 Nd6 13.Bh3 Kh8 14.Bxe6 Nc5 15.Bxd5 Nf5
16.Bg2 Qd6 17.Qe2 a5 18.Nc4 Qe6 19.a3 Rad8 20.Nxa5 Ra8 21.Nc4 Ra6 22.Nd2 Bd6
23.d4 Ng3 24.fxg3 Bxg3+ 25.Kd1 Rf2 26.Rf1  1-0

[Event "Titled Tue 19th Nov Late"]
[Site "chess.com INT"]
[Date "2024.11.19"]
[Round "1"]
[White "Ronka,E"]
[Black "Nakamura,Hi"]
[Result "0-1"]
[WhiteElo "2289"]
[BlackElo "2802"]

1.e4 d5 2.exd5 Qxd5 3.Nc3 Qa5 4.d4 c6 5.Bc4 Bf5 6.Nf3 e6 7.Bd2 Qc7 8.Nh4 Bg6
9.Nxg6 hxg6 10.g3 Nf6 11.Qe2 Nbd7 12.O-O-O O-O-O 13.a3 Nb6 14.Bf4 Bd6 15.Bxd6 Rxd6
16.Bb3 Rhd8 17.Qe3 Qd7 18.Ne2 c5 19.c3 c4 20.Bc2 Nbd5 21.Qf3 g5 22.h3 a5
23.Kd2 b5 24.Ke1 Kb8 25.Kf1 b4 26.axb4 axb4 27.b3 Qb7 28.Kg2 Nxc3 29.Nxc3 bxc3
30.bxc4 Qxf3+ 31.Kxf3 Rxd4 32.Rxd4 Rxd4 33.Bb3 Nd7 34.Rc1 Rd3+ 35.Ke2 Nc5
36.Bc2 Rd4 37.Rb1+ Kc7 38.Ra1 Rd2+  0-1

[Event "Titled Tue 19th Nov Early"]
[Site "chess.com INT"]
[Date "2024.11.19"]
[Round "1"]
[White "Zavortink,Matt"]
[Black "Nakamura,Hi"]
[Result "0-1"]
[WhiteElo "2135"]
[BlackElo "2802"]

1.c4 g6 2.e4 c5 3.Nf3 Bg7 4.d4 cxd4 5.Nxd4 Qb6 6.Nb3 Nc6 7.Be3 Qc7 8.Qd2 Nf6
9.f3 a5 10.Nc3 a4 11.Nd4 O-O 12.Be2 a3 13.b3 d6 14.O-O Qa5 15.Rfd1 Be6 16.Rab1 Nd7
17.Nd5 Qxd2 18.Rxd2 Bxd5 19.cxd5 Nb4 20.Rc1 Rfc8 21.Rxc8+ Rxc8 22.Bc4 Ne5
23.Nb5 Nxc4 24.bxc4 Rxc4 25.Nxa3 Rc3 26.Rb2 Rxe3 27.Rxb4 Rxa3 28.Rxb7 Bf6  0-1

[Event "Titled Tue 19th Nov Late"]
[Site "chess.com INT"]
[Date "2024.11.19"]
[Round "2"]
[White "Nakamura,Hi"]
[Black "Souleidis,G"]
[Result "1-0"]
[WhiteElo "2802"]
[BlackElo "2418"]

1.b3 d5 2.Bb2 Bf5 3.d3 e6 4.Nd2 Nf6 5.g3 h6 6.Bg2 Bh7 7.e4 Be7 8.Qe2 O-O
9.Nh3 c5 10.O-O Nc6 11.c4 dxe4 12.dxe4 Nd4 13.Qd3 Qb6 14.Bxd4 cxd4 15.Rfe1 Rfd8
16.a3 a5 17.Nf4 Nd7 18.Qc2 Ne5 19.Nd3 Nxd3 20.Qxd3 Qc7 21.f4 Bc5 22.h4 Qe7
23.Nb1 Bg6 24.Kh2 Bh5 25.Bh3 f6 26.e5 f5 27.Bg2 Rab8 28.Rc1 Bg4 29.Bf3 Bxf3
30.Qxf3 d3 31.Rd1 Rd7 32.h5 Rbd8 33.Ra2 b6 34.Kg2 Rd4 35.Rad2 Qd7 36.Nc3 Bxa3
37.Nb5 Bb4 38.Nxd4 Bxd2 39.Nxf5 exf5 40.Rxd2 Qd4 41.e6 Qd6 42.Qe3 Kf8 43.Rxd3 Qc6+
44.Kf2 Rxd3 45.Qxd3 Qxe6 46.Qd4 Kf7 47.Qd8 Qc6 48.Qd3 Qc5+ 49.Ke2 Qe7+ 50.Kd2 Qb4+
51.Kc2 Qc5 52.Kc3 Qxc4+ 53.Kxc4  1-0

[Event "Titled Tue 19th Nov Early"]
[Site "chess.com INT"]
[Date "2024.11.19"]
[Round "2"]
[White "Nakamura,Hi"]
[Black "Yagupov,I"]
[Result "1-0"]
[WhiteElo "2802"]
[BlackElo "2230"]

1.b3 d5 2.Bb2 Bg4 3.h3 Bf5 4.d3 c6 5.Nd2 Nd7 6.e4 dxe4 7.dxe4 Bg6 8.f4 e6
9.Qf3 f5 10.O-O-O Qa5 11.exf5 Bxf5 12.g4 Bg6 13.f5 exf5 14.Nc4 Qxa2 15.Qe3+ Be7
16.Ne2 O-O-O 17.Nc3 Qa6 18.Nd6+ Bxd6 19.Bxa6 Bc5 20.Qe6 bxa6 21.Qxc6+ Kb8
22.Rxd7 Rxd7 23.Qxd7 Ne7 24.Nd5 Nxd5 25.Be5+  1-0

[Event "Titled Tue 19th Nov Early"]
[Site "chess.com INT"]
[Date "2024.11.19"]
[Round "3"]
[White "Lortkipanidze,N"]
[Black "Nakamura,Hi"]
[Result "0-1"]
[WhiteElo "2359"]
[BlackElo "2802"]

1.e4 c6 2.Nc3 d5 3.Nf3 dxe4 4.Nxe4 Nf6 5.Qe2 Bf5 6.Nxf6+ gxf6 7.d3 e6 8.g3 Nd7
9.Bg2 Bg6 10.O-O Bg7 11.Nh4 O-O 12.f4 f5 13.Kh1 Nf6 14.Bd2 Bh5 15.Qe1 Nd5
16.Rb1 c5 17.Nf3 Rc8 18.Ne5 b6 19.c4 Ne7 20.Bc3 Ng6 21.Qe3 Nxe5 22.Bxe5 Bxe5
23.fxe5 Rc7 24.Qh6 Bg6 25.h4 f6 26.h5 Be8 27.Rbe1 Rg7 28.Re3 Rg5 29.Bf3 Qd4
30.Rfe1 Rxg3 31.Be4 Rg5 32.Bf3 Qh4+  0-1

[Event "Titled Tue 19th Nov Late"]
[Site "chess.com INT"]
[Date "2024.11.19"]
[Round "3"]
[White "Urazayev,Arystanbek"]
[Black "Nakamura,Hi"]
[Result "0-1"]
[WhiteElo "2480"]
[BlackElo "2802"]

1.e4 g6 2.d4 c6 3.Nd2 d5 4.Ngf3 dxe4 5.Nxe4 Nf6 6.Bd3 Bg7 7.c3 O-O 8.O-O Qc7
9.Re1 Nbd7 10.h3 b6 11.Nxf6+ exf6 12.Qc2 Bb7 13.Bd2 c5 14.Be4 cxd4 15.Nxd4 f5
16.Bxb7 Qxb7 17.Nf3 Nc5 18.Be3 Ne4 19.Bd4 Bh6 20.Ne5 Rad8 21.Rad1 Rfe8 22.Qb3 Ng5
23.Nc4 Ne6 24.Be5 Qc6 25.Nd6 Re7 26.Nb5 Rxd1 27.Rxd1 Nc5 28.Rd8+ Bf8 29.Nd4 Qe4
30.Qd5 Qe1+  0-1

[Event "Titled Tue 19th Nov Late"]
[Site "chess.com INT"]
[Date "2024.11.19"]
[Round "4"]
[White "Nakamura,Hi"]
[Black "Boros,De"]
[Result "1-0"]
[WhiteElo "2802"]
[BlackElo "2401"]

1.b3 b6 2.Bb2 Bb7 3.c4 e6 4.d4 Nf6 5.Nf3 Bb4+ 6.Nfd2 O-O 7.e3 Ne4 8.a3 Bxd2+
9.Nxd2 f5 10.Bd3 Qh4 11.Bxe4 fxe4 12.O-O Nc6 13.g3 Qh3 14.Nxe4 Ne5 15.dxe5 Bxe4
16.f3 Bc6 17.e4 Rf7 18.Qe2 Raf8 19.Rf2 g5 20.Raf1 h5 21.Bc1 g4 22.f4 h4 23.Rg2 Rg7
24.a4 a5 25.Re1 Rff7 26.Qd3 hxg3 27.hxg3 Qh5 28.Kf2 Rh7 29.Ke2 Qg6 30.Kd1 Rh3
31.Bd2 Kf8 32.Rf2 Rh5 33.Bc3 Ke8 34.Kc2 Kd8 35.Kb2 Kc8 36.c5 Kd8 37.cxb6 cxb6
38.Bd4 Ke8 39.Qe3 b5 40.axb5 Bxb5 41.Qc3 Bc6 42.Qxa5 Kf8 43.f5 Qg5 44.Ref1 Kg7
45.fxe6 Rxf2+ 46.Rxf2 dxe6 47.Qc7+  1-0

[Event "Titled Tue 19th Nov Early"]
[Site "chess.com INT"]
[Date "2024.11.19"]
[Round "4"]
[White "Nakamura,Hi"]
[Black "Jumabayev,R"]
[Result "1-0"]
[WhiteElo "2802"]
[BlackElo "2571"]

1.b3 e5 2.Bb2 Nc6 3.e3 Nf6 4.Bb5 Bd6 5.Na3 a6 6.Bxc6 dxc6 7.Nc4 Qe7 8.Ne2 b5
9.Nxd6+ cxd6 10.O-O O-O 11.f4 Re8 12.Ng3 c5 13.e4 Bg4 14.Qe1 Bd7 15.d3 exf4
16.Rxf4 Ng4 17.h3 Ne5 18.Qf2 f6 19.Rf1 a5 20.Nh5 Rf8 21.Qg3 Kh8 22.a3 b4
23.a4 Rf7 24.R4f2 Raf8 25.Nf4 Bc6 26.Ne2 Ng6 27.Rf5 Kg8 28.Qf2 Bd7 29.Rh5 f5
30.Qg3 fxe4 31.Re1 exd3 32.cxd3 Re8 33.Bc1 Bc6 34.Bd2 Qd7 35.d4 Rfe7 36.Qf2 Qb7
37.dxc5 dxc5 38.Ng3 Rxe1+ 39.Bxe1 c4 40.Nf5 c3 41.Nd6 Rxe1+ 42.Qxe1 Qb6+
43.Kh2 Qc7 44.Qe6+ Kh8 45.Qxg6  1-0

[Event "Titled Tue 19th Nov Late"]
[Site "chess.com INT"]
[Date "2024.11.19"]
[Round "5"]
[White "Nakamura,Hi"]
[Black "Vazquez,Guillermo"]
[Result "1-0"]
[WhiteElo "2802"]
[BlackElo "2569"]

1.b3 e5 2.Bb2 Nc6 3.e3 d5 4.Bb5 Bd6 5.c4 Nf6 6.cxd5 Nxd5 7.Nc3 Nxc3 8.Bxc3 O-O
9.Ne2 Qe8 10.O-O a6 11.Bc4 Be6 12.Ng3 Rd8 13.Qe2 f5 14.f4 Kh8 15.Rae1 h6
16.Bd3 Bb4 17.fxe5 Bxc3 18.dxc3 g6 19.Rf4 Nxe5 20.Bc2 Qc6 21.c4 Qc5 22.h3 Nc6
23.Kh1 Qe5 24.Qf2 Kg7 25.Rf1 Nb4 26.Bb1 Nd3 27.Bxd3 Rxd3 28.e4 Rf7 29.exf5 Bxf5
30.Re1 Qc3 31.Nxf5+ gxf5 32.Re6 Rd2 33.Qh4 Rf6 34.Re7+ Kf8 35.Re3 Rd1+ 36.Kh2 Qa1
37.Qh5 Rh1+ 38.Kg3 Rf7 39.Qxh6+ Qg7+ 40.Qxg7+ Kxg7 41.Rf2 Ra1 42.Kf4 Kf6
43.Rfe2 Rd1 44.Re6+ Kg7 45.Re7 Rd4+ 46.Kg5  1-0

[Event "Titled Tue 19th Nov Early"]
[Site "chess.com INT"]
[Date "2024.11.19"]
[Round "5"]
[White "Nakamura,Hi"]
[Black "Adhiban,Baskaran"]
[Result "1-0"]
[WhiteElo "2802"]
[BlackElo "2535"]

1.b3 e5 2.Bb2 Nc6 3.e3 d5 4.Bb5 Ne7 5.Bxe5 a6 6.Bxc6+ Nxc6 7.Bb2 Qg5 8.Kf1 Bg4
9.Nf3 Qh5 10.h3 O-O-O 11.d4 g5 12.Nbd2 Bb4 13.Kg1 Be6 14.c3 Bd6 15.c4 g4
16.Ne1 Rhg8 17.c5 Be7 18.g3 Qg6 19.h4 Bf8 20.a3 Bh6 21.b4 Bf5 22.Qb3 Rge8
23.a4 Re6 24.b5 Na5 25.Qc3 Nc4 26.Nxc4 dxc4 27.Qxc4 Be4 28.Rh2 Qf5 29.Bc1 Rde8
30.Ra3 Bd5 31.Qc2 Be4 32.Qd1 Bd5 33.Rc3 axb5 34.axb5 Qb1 35.Qxg4 f5 36.Qe2 f4
37.Qc2 Qa1 38.Ra3 Qxa3 39.Bxa3 fxg3 40.Bc1 gxh2+ 41.Kxh2 Rg6 42.f4 Bxf4+
43.exf4 Rxe1 44.Qf5+ Be6 45.Qf8+ Kd7 46.f5 Re2+ 47.Kh3 Re1 48.fxe6+ Rgxe6
49.Bf4 Re7 50.Qf5+ Kd8 51.Bg5  1-0